000
00317nam a22001457a 4500
003
SGT
020
_a
938426665-5
082
_a
611
_b
ARO
100
_a
ARORA, PANKAJ
245
_a
HUMAN ANATOMY & PHYSIOLOGY -I
260
_a
INDIA
_b
BIRLA PUB.
_c
2027
300
_a
305
650
_a
HUMAN ANATOMY
942
_2
ddc
_c
BK
999
_c
33055
_d
33055